000 01571nam a22003257i 4500
003 URS
005 20230307111406.0
008 170217b xxu||||| |||| 00| 0 eng d
020 _a9579539006
043 _aa------
050 0 0 _aS597.R5
_bC566 1988
070 0 _aSb177.A75F47
_bno.39
111 2 _aInternational Soil Management Workshop
_n(5th :
_d1988 :
_cWu-feng hsiang, Tʻai-chung hsien, Taiwan)
245 1 0 _aClassification and management of rice growing soils :
_bproceedings of the Fifth International Soil Management Workshop : held in Wufeng, Taichung, Taiwan, December 11-23, 1988 /
_csponsored by the Food and Fertilizer Technology Center/ASPAC, Taiwan Agricultural Research Institute (TARI), Soil Management Support Services (SMSS), USA in collaboration with the Council of Agriculture, ROC ... [and others].
264 1 _aRepublic of China on Taiwan :
_bFood and Fertilizer Technology Center for the Asian and Pacific Region,
_c[1989]
300 _a118 p. :
_bill. ;
_c26 cm.
336 _atext
_btxt
_2rdacontent
337 _aunmediated
_bn
_2rdamedia
338 _avolume
_bnc
_2rdacarrier
440 0 _aFFTC book series ;
_vno. 39
500 _a"July 1989."
504 _aIncludes bibliographical references.
650 0 _aRice
_xSoils
_vCongresses.
650 0 _aRice
_xSoils
_zAsia
_vCongresses.
710 2 _aAsian and Pacific Council.
_bFood & Fertilizer Technology Center.
710 2 _aTaiwan Sheng nong ye shi yan suo.
710 1 _aUnited States.
_bSoil Management Support Services.
942 _2lcc
_cFR
987 _aPINYIN
_bDLC
_c20020314
_dc
999 _c68543
_d68543